| 000 | 00361nam a2200133Ia 4500 | ||
|---|---|---|---|
| 008 | 230917s9999||||xx |||||||||||||| ||und|| | ||
| 040 |
_e115339 _aMAIN |
||
| 041 | _aEnglish | ||
| 082 | _a647.94 M294E | ||
| 100 | _aMalhotra, R. K | ||
| 245 | 0 | _aEncyclopaedia of hotel management and tourism. 10V | |
| 260 |
_aNew Delhi _bAnmol Publications _c1997 |
||
| 942 | _cBK | ||
| 999 |
_c143510 _d143510 |
||